| 000 | 00594nam a2200181 i 4500 | ||
|---|---|---|---|
| 001 | 41387 | ||
| 003 | ES-MaACL | ||
| 005 | 20230906160424.0 | ||
| 007 | t| | ||
| 008 | 030310s1931 sp ||||1| spa d | ||
| 100 | 1 |
_aCasado de la Fuente, Carlos. _936015 |
|
| 245 | 1 | 0 |
_aAbastecimiento de leche a las grandes poblaciones / _cCarlos Casado de la Fuente. |
| 260 |
_aMadrid : _bErnesto Giménez, _c1931. |
||
| 300 |
_a122 p. : _bil. ; _c24 cm. |
||
| 500 | _aAsociación General de Ganaderos del Reino. Concurso de memorias 1930. | ||
| 852 |
_aES-MaACL _j1750-F-3 |
||
| 852 |
_aES-MaACL _j1749-F-24 |
||
| 999 |
_c41387 _d41387 |
||